Daňová a odvodová politika SR

Dane a ich vplyv na základné ekonomické veličiny ako sú investície, úspory, dopyt, ponuka práce, nákup tovarov a služieb. Efektívnosť vyberania daní. Daňový a odvodový systém v SR. Vertikálna a horizontálna spravodlivosť v slovenskom odvodovom systéme.

Na minha lista:
Detalhes bibliográficos
Autor principal: Schultzová, Anna
Formato: Capítulo de Livro
Idioma:eslovaco
Assuntos:
Tags: Adicionar Tag
Sem tags, seja o primeiro a adicionar uma tag!

MARC

LEADER 00000nla$a2200000$$$4500
001 0114670
005 20240502072258.8
041 0 |a slo 
044 |a SK 
245 1 0 |a Daňová a odvodová politika SR  |c Anna Schultzová 
520 |a Dane a ich vplyv na základné ekonomické veličiny ako sú investície, úspory, dopyt, ponuka práce, nákup tovarov a služieb. Efektívnosť vyberania daní. Daňový a odvodový systém v SR. Vertikálna a horizontálna spravodlivosť v slovenskom odvodovom systéme. 
610 2 0 |a Slovensko 
610 2 0 |a dane 
610 2 0 |a odvody 
610 2 0 |a systémy daňové 
610 2 0 |a sústava odvodov 
610 2 0 |a daňovníci 
610 2 0 |a predpisy daňové 
610 2 0 |a zaťaženie daňové 
100 1 |a Schultzová, Anna